Step aerobic: entrenamiento del fitness

Saved in:
Bibliografiske detaljer
Main Authors: Pahmeier, Iris (autora), Niederbaumer, Corinna (Author)
Format: Bog
Sprog:spansk
Udgivet: Barcelona Paidotribo 1998
Fag:
Tags: Tilføj Tag
Ingen Tags, Vær først til at tagge denne postø!

MARC

LEADER 00000nam a2200000 a 4500
001 UCP3314
003 CL-VaPUC
008 990618e19980000SP |||||||||||||||||spa|d
082 0 4 |a 613.71  |b PAH  |2 21 
100 |a Pahmeier, Iris  |e autora  |9 430538 
700 0 |a Niederbaumer, Corinna  |e author  |9 430539 
245 1 0 |a Step aerobic: entrenamiento del fitness 
300 |a 157 p 
942 |c BK 
945 |d 19990618 00:00:00  |a rbrito 
260 |a Barcelona  |b Paidotribo  |c 1998 
650 0 |a Aeróbica  |9 334255 
650 0 |a Ejercicios físicos  |9 307296 
650 7 |a ENTRENAMIENTO ATLETICOS  |2 CL-VaPUC  |9 430540 
583 |a last modification  |c 19990618 00:00:00  |k Rodrigo Vera 
999 |c 281681  |d 281679 
952 |0 0  |1 0  |4 0  |6 613_710000000000000_PAH_1998  |7 0  |8 A  |9 322602  |a BIBEDU  |b BIBEDU  |d 2019-11-20  |i 3531163  |o 613.71 PAH 1998  |p 3531163  |r 2019-11-20  |w 2019-11-20  |y BK  |k EFI 
952 |0 0  |1 0  |4 0  |6 613_710000000000000_PAH_1998  |7 0  |8 A  |9 322603  |a BIBEDU  |b BIBEDU  |d 2019-11-20  |i 3681122  |o 613.71 PAH 1998  |p 3681122  |r 2019-11-20  |w 2019-11-20  |y BK  |k EFI